[Event "AUTO-INT-3292"]
[Site "http://www.queenalice.com/game.php?id=1501426"]
[Date "2017.11.1"]
[Round "1"]
[White "Jucaballa"]
[Black "krystian"]
[Result "1-0"]
[WhiteElo "1700"]
[BlackElo "1583"]

1. e4 c6 2. d3 d5 3. e5 e6 4. d4 Bb4+ 5. Bd2 Bxd2+ 6. Qxd2 Ne7 7. Nf3 Nd7 8. Qf4
h6 9. Nc3 O-O 10. Qd2 c5 11. O-O-O 1-0

[Event "AUTO-INT-3292"]
[Site "http://www.queenalice.com/game.php?id=1501443"]
[Date "2017.11.1"]
[Round "1"]
[White "Jucaballa"]
[Black "KAXY"]
[Result "0-1"]
[WhiteElo "1719"]
[BlackElo "1652"]

1. e4 e5 2. Nc3 Nf6 3. Nf3 d6 4. h4 Bg4 5. Bc4 Nc6 6. h5 Bxf3 7. Qxf3 Qe7 8. a4
Nd4 9. Qd3 g6 10. h6 Nh5 11. Nd5 Qd7 12. Rxh5 O-O-O 13. Rh3 Be7 14. f4 Qg4 15.
Nxe7+ Kd7 16. Nd5 Qxg2 17. fxe5 dxe5 18. Nb4 Kc8 19. Bxf7 Rhf8 20. Rg3 Qh1+ 21.
Qf1 Qh4 22. Qf2 Rxf7 23. Qe3 Rdf8 24. d3 Nf3+ 25. Kf2 Qh2+ 26. Rg2 Nd4+ 0-1

[Event "AUTO-INT-3292"]
[Site "http://www.queenalice.com/game.php?id=1501444"]
[Date "2017.11.1"]
[Round "1"]
[White "KAXY"]
[Black "Jucaballa"]
[Result "0-1"]
[WhiteElo "1656"]
[BlackElo "1741"]

1. d4 d5 2. e3 e6 3. Nf3 f6 4. Nc3 Bb4 5. Bd2 Qe7 6. a3 Bd6 7. Bd3 Bd7 8. Qe2
Nc6 9. O-O f5 10. Ne5 Nxe5 11. dxe5 Bxe5 12. Rfe1 Qh4 13. g3 Qh3 14. Bb5 c6 15.
Ba4 b5 16. Bb3 a6 17. Qf3 Nf6 18. Qg2 Qxg2+ 19. Kxg2 Ne4 20. Nxe4 fxe4 21. c3
O-O-O 22. f4 Bd6 23. h4 h5 24. Re2 Rhf8 25. Rf1 e5 26. fxe5 Rxf1 27. Kxf1 Bxe5
28. Kg2 Rf8 29. Be1 Rf3 30. Bd1 Bg4 31. Bf2 Rf6 32. Rd2 Rf7 33. Bxg4+ hxg4 34.
Rd1 a5 35. Kf1 Bxg3 36. Rd2 Bxh4 37. Kg2 g5 38. Bxh4 gxh4 39. Kg1 Rf3 40. Re2
Kd7 41. Kg2 Ke6 42. b3 h3+ 43. Kh2 Kf5 44. b4 axb4 45. axb4 Kg5 46. Kg1 g3 47.
Kh1 Rf1# 0-1

[Event "AUTO-INT-3292"]
[Site "http://www.queenalice.com/game.php?id=1501445"]
[Date "2017.11.1"]
[Round "1"]
[White "Jucaballa"]
[Black "clicador"]
[Result "1-0"]
[WhiteElo "1734"]
[BlackElo "1424"]

1. e4 e5 2. Nc3 Bc5 3. Bc4 Nc6 4. d3 Qf6 5. Nf3 Nd4 6. Nd5 Qc6 7. Ng5 b5 8. Bb3
Nh6 9. Nc3 Qg6 10. Nd5 Bd6 11. c3 c6 12. cxd4 cxd5 13. Bxd5 exd4 14. Bxa8 Bb4+
15. Bd2 Be7 16. Bd5 O-O 17. Bxf7+ Nxf7 18. Nxf7 1-0

[Event "AUTO-INT-3292"]
[Site "http://www.queenalice.com/game.php?id=1501446"]
[Date "2017.11.1"]
[Round "1"]
[White "clicador"]
[Black "Jucaballa"]
[Result "1-0"]
[WhiteElo "1434"]
[BlackElo "1739"]

1. e4 e5 2. Bc4 f6 3. Nc3 Bc5 4. Nd5 c6 5. Nc3 b5 6. Bb3 d6 7. a4 b4 8. Nce2 Kd7
9. d4 exd4 10. Nxd4 Ke8 11. Ngf3 a5 12. O-O Nh6 13. Be6 Bxe6 14. Nxe6 Qe7 15.
Nxc5 dxc5 16. e5 Nf5 17. exf6 Qxf6 18. Re1+ Ne7 19. Bg5 Qf7 20. Qd6 Nd7 21.
Rxe7+ Kf8 22. Rxd7+ Kg8 23. Rxf7 Kxf7 24. Ne5+ Kg8 25. Qxc6 Rf8 26. Qd5+ 1-0

[Event "Challenge"]
[Site "http://www.queenalice.com/game.php?id=1501532"]
[Date "2017.11.1"]
[Round "-"]
[White "knight576"]
[Black "Jucaballa"]
[Result "1-0"]
[WhiteElo "2143"]
[BlackElo "1721"]

1. e4 e5 2. Nf3 Nc6 3. d4 exd4 4. Nxd4 Nxd4 5. Qxd4 c5 6. Qe5+ Qe7 7. Qxe7+ Bxe7
8. Bf4 d6 9. Nc3 Bd7 10. O-O-O Nf6 11. Bxd6 Bxd6 12. Rxd6 O-O-O 13. Bb5 Rhe8 14.
f3 Kc7 15. Rxf6 gxf6 16. Nd5+ Kd6 17. Bxd7 Kxd7 18. Nxf6+ Ke7 19. Nxe8 Kxe8 20.
Rd1 f6 21. Rxd8+ Kxd8 22. Kd2 Ke7 23. Ke3 Kf7 24. f4 h5 25. g4 hxg4 26. f5 a5
27. Kf4 b5 28. Kxg4 c4 29. b3 c3 30. a3 b4 31. axb4 axb4 32. Kf4 Ke7 33. e5
fxe5+ 34. Kxe5 1-0

[Event "Challenge"]
[Site "http://www.queenalice.com/game.php?id=1506635"]
[Date "2017.12.3"]
[Round "-"]
[White "zmanomega"]
[Black "Jucaballa"]
[Result "1-0"]
[WhiteElo "1740"]
[BlackElo "1758"]

1. e4 e5 2. f4 Qe7 3. Nf3 exf4 4. c3 Qxe4+ 5. Be2 Bc5 6. d4 Bd6 7. O-O h6 8.
Nbd2 Qe6 9. Re1 Be7 10. b3 Qe3+ 11. Kh1 Qxc3 12. Ba3 Bxa3 13. Bc4+ Ne7 14. Ne5
d5 15. Nxf7 Rh7 16. Bxd5 Qxd4 17. Bc4 Bd7 18. Qh5 Kf8 19. Ne5 Be8 20. Bf7 g6 21.
Nxg6+ Nxg6 22. Bxe8 Qf6 23. Bxg6 Nd7 24. Bxh7 Bb4 25. Rad1 Qg7 26. Bg6 Nf6 27.
Qb5 c5 28. Bf5 Rd8 29. Bd3 Ng4 30. Rf1 Qd4 31. Nf3 Nf2+ 32. Rxf2 Qxf2 33. Ne5
Qd4 34. Ng6+ Kg8 35. Ne7+ Kf7 36. Nf5 Qe5 37. Qxb7+ Kf8 38. h3 c4 39. Qxb4+ Kf7
40. Bxc4+ Ke8 41. Bb5+ Kf7 42. Rxd8 Qxf5 43. Qf8+ Kg6 44. Qxf5+ Kxf5 45. a4 Ke5
46. Bd3 a5 47. Bc4 h5 48. Ra8 Kd4 49. Rxa5 Kc3 50. Bf7 h4 51. Rb5 Kd4 52. a5 1-0

[Event "AUTO-INT-3270"]
[Site "http://www.queenalice.com/game.php?id=1508059"]
[Date "2017.12.15"]
[Round "2"]
[White "Jucaballa"]
[Black "Null"]
[Result "0-1"]
[WhiteElo "1681"]
[BlackElo "2125"]

1. e4 e5 2. Nf3 d6 3. Nc3 Nf6 4. Bc4 Bg4 5. h4 Nc6 6. h5 h6 7. O-O Nd4 8. Qe1
Bxf3 9. Rb1 Nxc2 10. gxf3 Nxe1 11. Rxe1 Nxh5 12. d3 c6 13. Ne2 Qf6 14. Kg2 Qg6+
15. Ng3 Nf4+ 0-1

[Event "AUTO-INT-3270"]
[Site "http://www.queenalice.com/game.php?id=1508060"]
[Date "2017.12.15"]
[Round "2"]
[White "Null"]
[Black "Jucaballa"]
[Result "1-0"]
[WhiteElo "2126"]
[BlackElo "1679"]

1. e4 e5 2. Nf3 d6 3. d3 Nc6 4. d4 d5 5. Nxe5 Nxe5 6. dxe5 Bc5 7. exd5 c6 8. Nc3
cxd5 9. Qxd5 Qxd5 10. Nxd5 Rb8 11. Nc7+ Kd7 12. Nd5 Ke6 13. Bc4 Kxe5 14. Bf4+
Kd4 15. Bb3 Ra8 16. Nc3 1-0

[Event "Challenge"]
[Site "http://www.queenalice.com/game.php?id=1511356"]
[Date "2018.1.11"]
[Round "-"]
[White "marcomasao"]
[Black "Jucaballa"]
[Result "1-0"]
[WhiteElo "1972"]
[BlackElo "1646"]

1. e4 e5 2. Bc4 Qf6 3. Nf3 Bc5 4. Nc3 d6 5. d3 g5 6. Bxg5 Qg6 7. Rg1 h6 8. Nh4
Qxg5 9. Nf3 Qf6 10. Nd5 Qd8 11. Qd2 Bg4 12. Qe2 Be6 13. a3 c6 14. Nc3 Qb6 15. b4
Bd4 16. Nxd4 Qxd4 17. Qd2 Bxc4 18. dxc4 Qxd2+ 19. Kxd2 Nf6 20. Rae1 Nbd7 21. f3
O-O-O 22. a4 c5 23. b5 b6 24. h3 Nh5 25. g3 1-0

[Event "Challenge"]
[Site "http://www.queenalice.com/game.php?id=1511357"]
[Date "2018.1.11"]
[Round "-"]
[White "Jucaballa"]
[Black "marcomasao"]
[Result "0-1"]
[WhiteElo "1709"]
[BlackElo "1771"]

1. e4 e5 2. Bc4 Bc5 3. d3 Qf6 4. f3 Ne7 5. Nc3 Nbc6 6. Bd2 Ng6 7. Qe2 Nd4 8. Qd1
Nf4 9. Bxf4 Qxf4 10. Nge2 Qh4+ 11. Kf1 Nxf3 12. Ng3 Nxh2+ 13. Ke1 Qxg3+ 14. Kd2
Qe3# 0-1

[Event "AUTO-ADV-3964"]
[Site "http://www.queenalice.com/game.php?id=1511563"]
[Date "2018.1.12"]
[Round "1"]
[White "Nille"]
[Black "Jucaballa"]
[Result "1-0"]
[WhiteElo "1963"]
[BlackElo "1653"]

1. e4 d5 2. exd5 Qxd5 3. d4 e6 4. Nf3 c5 5. Nc3 Qd8 6. d5 Bd6 7. Bc4 a6 8. a3
Qc7 9. dxe6 Bxe6 10. Bxe6 fxe6 11. O-O Nd7 12. Bg5 Ne5 13. h3 Nxf3+ 14. Qxf3 h6
15. Qh5+ 1-0

[Event "AUTO-ADV-3964"]
[Site "http://www.queenalice.com/game.php?id=1511564"]
[Date "2018.1.12"]
[Round "1"]
[White "Jucaballa"]
[Black "Nille"]
[Result "0-1"]
[WhiteElo "1649"]
[BlackElo "1973"]

1. d4 d5 2. e3 a6 3. Nf3 Bf5 4. Ne5 f6 5. Nf3 Nc6 6. Nh4 Bg4 7. Qxg4 e5 8. e4
Nxd4 9. Bd3 dxe4 10. Qxe4 Ne7 11. Qxb7 Nec6 12. c3 Ra7 13. Qxa7 Nxa7 14. cxd4
Qxd4 0-1

[Event "AUTO-ADV-3964"]
[Site "http://www.queenalice.com/game.php?id=1511573"]
[Date "2018.1.12"]
[Round "1"]
[White "Jucaballa"]
[Black "rfdc"]
[Result "0-1"]
[WhiteElo "1689"]
[BlackElo "1899"]

1. d4 e6 2. e3 g6 3. a4 Bg7 4. c4 Nf6 5. Bd3 d6 6. Nf3 Nbd7 7. Nc3 b6 8. a5 Bb7
9. b3 O-O 10. axb6 cxb6 11. O-O d5 12. cxd5 Nxd5 13. Nxd5 Bxd5 14. e4 Bc6 15.
Bb2 Nc5 0-1

[Event "AUTO-ADV-3964"]
[Site "http://www.queenalice.com/game.php?id=1511574"]
[Date "2018.1.12"]
[Round "1"]
[White "rfdc"]
[Black "Jucaballa"]
[Result "1-0"]
[WhiteElo "1894"]
[BlackElo "1695"]

1. d4 d5 2. e3 Nf6 3. Nf3 Nc6 4. c4 b6 5. a3 e6 6. b4 a5 7. b5 Na7 8. a4 g6 9.
cxd5 Qxd5 10. Nc3 Qc6 11. bxc6 1-0